[Event "Copenhagen op"]
[Site "Copenhagen"]
[Date "1988.??.??"]
[Round "?"]
[White "Riemersma, Liafbern"]
[Black "Hvenekilde, Jorgen"]
[Result "1/2-1/2"]
[WhiteElo "2420"]
[BlackElo "2320"]

1.d4 Nf6 2.c4 g6 3.Nc3 Bg7 4.e4 d6 5.Nf3 O-O 6.Be2 e5 7.O-O exd4 8.Nxd4 Re8
9.f3 Nc6 10.Nxc6 bxc6 11.Qc2 Qe7 12.Re1 Rb8 13.Be3 a5 14.Bf1 h5 15.Bf2 Be6
16.Rad1 Nd7 17.Na4 c5 18.Qd2 Nb6 19.Nxb6 Rxb6 20.Rb1 Reb8 21.b3 a4 22.Qd3 axb3
23.Rxb3 Rxb3 24.axb3 Qf6 25.e5 Qf5 26.exd6 Qxd3 27.Bxd3 cxd6 28.Rb1 Kf8  1/2-1/2

[Event "Copenhagen op"]
[Site "Copenhagen"]
[Date "1988.??.??"]
[Round "?"]
[White "Hvenekilde, Jorgen"]
[Black "Szekely, Peter"]
[Result "1/2-1/2"]
[WhiteElo "2320"]
[BlackElo "2420"]

1.d4 Nf6 2.Nf3 g6 3.c4 Bg7 4.Nc3 O-O 5.e4 d6 6.Be2 e5 7.O-O exd4 8.Nxd4 c6
9.Nc2 Na6 10.f3 Re8 11.Rb1 d5 12.Bg5 Nc7 13.cxd5 cxd5 14.Qd2 h6 15.Bxh6 dxe4
16.Qxd8 Rxd8 17.Bxg7 Kxg7 18.fxe4 Rd2 19.Rbc1 Be6 20.Bf3 Ng4 21.Bxg4 Bxg4
22.Ne3 Be6 23.Ncd5 Ne8 24.Rf2 Rd4 25.Rc4 Rxc4 26.Nxc4 Rc8 27.b3 b5 28.Nce3 Nd6
29.e5 Ne4 30.Rf1 Nc3 31.Nf4 Nxa2 32.Nxe6+ fxe6 33.Rf6 Re8  1/2-1/2

[Event "DEN-chB"]
[Site "?"]
[Date "1988.??.??"]
[Round "4"]
[White "Riis, Soren"]
[Black "Norgaard, Jesper"]
[Result "1-0"]
[WhiteElo "2300"]
[BlackElo "2305"]

1.d4 Nf6 2.c4 g6 3.Nc3 Bg7 4.e4 d6 5.Nf3 O-O 6.Be2 Nbd7 7.O-O e5 8.d5 Nc5
9.Nd2 a5 10.b3 Bh6 11.Qc2 Bd7 12.a3 Qe7 13.Rb1 c6 14.b4 axb4 15.axb4 Na6
16.Re1 Rfc8 17.Nf1 Bxc1 18.Rexc1 c5 19.b5 Nb4 20.Qb3 Ra5 21.Ra1 Rca8 22.Rxa5 Rxa5
23.Qb2 Qd8 24.Nd2 Qa8 25.Nb3 Ra3 26.Ra1 Rxa1+ 27.Qxa1 Qxa1+ 28.Nxa1 Kf8 29.Kf1 Ke7
30.Ke1 Kd8 31.Kd2 Kc7 32.Nb3 Ng8 33.Bd1 f5 34.exf5 gxf5 35.g3 Nf6 36.Be2 Be8
37.Nc1 Bg6 38.Bd1 Nd7 39.Na4 Kd8 40.Nb3 Nf6 41.Nc3 Kc7 42.Nc1 Kb6 43.Nb3 Ng4
44.Bxg4 fxg4 45.Na4+ Kc7 46.b6+ Kc8 47.Nc3 Bd3 48.Na5 h5 49.Nb5 Kd7 50.Nxd6  1-0

[Event "Dieren op"]
[Site "Dieren"]
[Date "1988.??.??"]
[Round "1"]
[White "Timmer, Robert"]
[Black "Nijboer, Friso"]
[Result "0-1"]
[WhiteElo "2295"]
[BlackElo "2420"]

1.d4 Nf6 2.c4 g6 3.Nc3 Bg7 4.e4 d6 5.Nf3 O-O 6.Be2 e5 7.dxe5 dxe5 8.Qxd8 Rxd8
9.Bg5 c6 10.Nxe5 Re8 11.O-O-O Na6 12.f4 h6 13.Bxf6 Bxf6 14.Rd6 Kg7 15.Rhd1 Bxe5
16.fxe5 Rxe5 17.Rd8 Re7 18.Bf3 Nc7 19.b3 Ne6 20.R8d6 f6 21.h4 h5 22.Na4 Nf8
23.Nc5 Be6 24.Rd8 Rxd8 25.Rxd8 b6 26.Nd3 Bd7 27.Nf4 Re8 28.Rxe8 Bxe8 29.g4 hxg4
30.Bxg4 Kh6 31.Nd3 g5 32.hxg5+ Kxg5 33.Bf3 Nd7 34.Kd2 Ne5 35.Nxe5 fxe5 36.Ke3 Bh5
37.Bg2 a5 38.c5 bxc5 39.Bf1 Bf7 40.Ba6 c4 41.bxc4 c5 42.Kf3 Kh4 43.Bb5 Bh5+
44.Kf2 Kg4 45.Ke3 Kg3 46.Bc6 Kg2 47.Bd5 Kg1 48.Kd2 Kf2 49.Bc6 Be2 50.Bd5 Kf3
51.Bf7 Bf1 52.Bd5 Kf4 53.a3 Kf3 54.Kc3 Ke3 55.Kb3 Kd4 56.Ka4 Bxc4 57.Bc6 Ba2
58.Kxa5 c4 59.Kb4 c3 60.Ba4 Bb1  0-1

[Event "Dieren op"]
[Site "Dieren"]
[Date "1988.??.??"]
[Round "2"]
[White "Van Wely, Loek"]
[Black "Caessens, Rob"]
[Result "0-1"]
[WhiteElo "2325"]
[BlackElo "2225"]

1.d4 Nf6 2.c4 g6 3.Nc3 Bg7 4.e4 d6 5.Nf3 O-O 6.Be2 e5 7.O-O exd4 8.Nxd4 Re8
9.f3 c6 10.Nc2 Be6 11.f4 Na6 12.Ne3 Nc5 13.Bf3 Bc8 14.f5 Nfxe4 15.Bxe4 Nxe4
16.Nxe4 Rxe4 17.Qf3 Rxe3 18.Bxe3 Bxf5 19.Rad1 Be6 20.Bd4 Bxd4+ 21.Rxd4 d5
22.b3 Qb6 23.Qf2 Rf8 24.h3 Qc5 25.b4 Qe7 26.c5 Bf5 27.Rf4 f6 28.a4 Bd3 29.Re1 Be4
30.b5 Qe5 31.Rf3 f5 32.Rb3 d4 33.bxc6 bxc6 34.Rb4 d3 35.Rb7 Rf7 36.Rxf7 Kxf7
37.Rb1 Ke6 38.Rb7 Qa1+ 39.Kh2 Qe5+ 40.Kg1 Qc3 41.Qe3 Qc2 42.Qg5 Qxc5+ 43.Kh1 Qd6
44.Rxh7 d2 45.Qxg6+ Kd5 46.Qf7+ Kc5 47.Qxa7+ Kc4 48.Qa6+ Kc3 49.Qa5+ Kc2  0-1

[Event "Dieren op"]
[Site "Dieren"]
[Date "1988.??.??"]
[Round "8"]
[White "Grooten, Herman"]
[Black "Caessens, Rob"]
[Result "1/2-1/2"]
[WhiteElo "2325"]
[BlackElo "2225"]

1.d4 Nf6 2.Nf3 g6 3.c4 Bg7 4.Nc3 O-O 5.e4 d6 6.Be2 e5 7.Be3 exd4 8.Nxd4 Re8
9.f3 c6 10.Bf2 d5 11.exd5 cxd5 12.c5 Nc6 13.O-O Nh5 14.Qd2 a6 15.Rfe1 Be6
16.Rad1 Qc7 17.Bf1 Rac8 18.Nxc6 Qxc6 19.Nxd5 Bf8 20.Nb6 Rcd8 21.Qxd8 Rxd8
22.Rxd8 Qc7 23.Ra8 Kg7 24.Bd4+ Nf6 25.b4 Be7 26.g3 Kh6 27.Rxe6 Bxc5 28.Bxc5 fxe6
29.f4 Qc6 30.Bf8+ Kh5 31.Be2+ Ng4 32.h3 Qc1+ 33.Kg2 Qc6+ 34.Kg1 Qc1+  1/2-1/2

[Event "Dortmund op"]
[Site "Dortmund"]
[Date "1988.??.??"]
[Round "?"]
[White "Kertesz, Alfred"]
[Black "Szekely, Peter"]
[Result "0-1"]
[WhiteElo "2335"]
[BlackElo "2420"]

1.d4 Nf6 2.c4 g6 3.Nc3 Bg7 4.e4 d6 5.Be2 O-O 6.Nf3 e5 7.dxe5 dxe5 8.Qxd8 Rxd8
9.Bg5 Re8 10.Nd5 Nxd5 11.cxd5 c6 12.Bc4 cxd5 13.Bxd5 Nd7 14.Ke2 h6 15.Be3 Nf6
16.Nd2 Nxd5 17.exd5 Rd8 18.Rac1 b6 19.Rc7 Rxd5 20.Rhc1 Rd8 21.R1c3 Bf8 22.a3 Ba6+
23.Kf3 Bd6 24.Bxh6 Bxc7 25.Rxc7 Bd3 26.Ke3 Bf5 27.g4 Rd3+ 28.Ke2 Rd7 29.Rxd7 Bxg4+  0-1

[Event "Dortmund-B"]
[Site "Dortmund"]
[Date "1988.??.??"]
[Round "?"]
[White "Kohlweyer, Bernd"]
[Black "Schmidt, Wlodzimierz"]
[Result "1-0"]
[WhiteElo "2325"]
[BlackElo "2440"]

1.Nf3 Nf6 2.c4 g6 3.Nc3 Bg7 4.e4 d6 5.d4 O-O 6.Be2 e5 7.d5 a5 8.Bg5 h6 9.Bh4 Na6
10.Nd2 Bd7 11.a3 Qe8 12.b3 Nh7 13.O-O h5 14.f3 Bh6 15.Kh1 Be3 16.Ra2 f5 17.exf5 gxf5
18.Qb1 Qg6 19.b4 Qh6 20.Be1 h4 21.Nd1 Bf4 22.Nb3 axb4 23.axb4 Nf6 24.c5 Nh5
25.c6 Ng3+ 26.Bxg3 hxg3 27.h3 bxc6 28.dxc6 Be6 29.Rxa6 Rab8 30.Ra4 Rf7 31.Re1 e4
32.Nd4 Bc8 33.Bc4 Be5 34.Ra7 f4 35.Bxf7+ Kxf7 36.Rxc7+ Kg8 37.Rxc8+  1-0

[Event "Dortmund op"]
[Site "Dortmund"]
[Date "1988.??.??"]
[Round "?"]
[White "Nickl, Klaus"]
[Black "Hertneck, Gerald"]
[Result "1-0"]
[WhiteElo "2220"]
[BlackElo "2465"]

1.Nf3 Nf6 2.c4 g6 3.Nc3 Bg7 4.e4 d6 5.d4 O-O 6.Be2 Nbd7 7.O-O e5 8.dxe5 dxe5
9.Qc2 c6 10.Be3 Ng4 11.Bg5 f6 12.Bh4 a5 13.Nd2 Nc5 14.Nb3 Na6 15.Rad1 Qc7
16.Na4 Nb4 17.Qb1 h5 18.h3 Nh6 19.c5 Be6 20.Nb6 Ra7 21.Rd6 Bc8 22.Bc4+ Kh7
23.Nxc8 Qxc8 24.Rfd1 a4 25.Nd2 Ra5 26.a3 Na6 27.Bxa6 bxa6 28.Nc4 Rxc5 29.Nb6 Qc7
30.Nd7 Rd5 31.Nxf8+ Bxf8 32.R6xd5 cxd5 33.Rxd5 g5 34.Bg3 h4 35.Bh2 Kg6 36.Kh1 Qc4
37.f3 Qe2 38.Qc1 Nf7 39.Rd2 Qb5 40.Bg1 g4 41.Qc8  1-0

[Event "DSV-Turnier"]
[Site "Dresden"]
[Date "1988.??.??"]
[Round "?"]
[White "Boensch, Uwe"]
[Black "Marin, Mihail"]
[Result "1/2-1/2"]
[WhiteElo "2510"]
[BlackElo "2480"]

1.c4 e5 2.Nc3 d6 3.d4 Nd7 4.Nf3 g6 5.e4 Ngf6 6.Be2 Bg7 7.O-O O-O 8.Qc2 exd4
9.Nxd4 Re8 10.Rd1 c6 11.Bg5 a5 12.Bf1 Qb6 13.Nf3 Nc5 14.Be3 Qb4 15.Rab1 Ng4
16.Bd4 Ne5 17.Nxe5 Bxe5 18.Be3 a4 19.Bd2 Qb6 20.b4 axb3 21.axb3 f5 22.b4 Nxe4
23.c5 dxc5 24.Nxe4 fxe4 25.bxc5 Qc7 26.Bc4+ Kh8 27.h3 Qe7 28.Be3 Ra3 29.Rb3 Rxb3
30.Qxb3 Qh4 31.Bf7 Rd8 32.Rxd8+ Qxd8 33.Bc4 Qe7 34.Qb1 Kg7 35.Ba2 h5 36.Qb3 Qf8
37.Qc4 Qe8 38.Bb3 Bf5 39.Kh1  1/2-1/2

[Event "DSV-Turnier"]
[Site "Dresden"]
[Date "1988.??.??"]
[Round "?"]
[White "Uhlmann, Wolfgang"]
[Black "Vogt, Lothar"]
[Result "1/2-1/2"]
[WhiteElo "2505"]
[BlackElo "2485"]

1.c4 e5 2.Nc3 d6 3.Nf3 Nd7 4.d4 Ngf6 5.e4 g6 6.Be2 Bg7 7.O-O O-O 8.Be3 c6
9.Qc2 h6 10.h3 Qe7 11.Rfe1 Re8 12.Bf1 exd4 13.Bxd4 Ne5 14.Nxe5 dxe5 15.Be3 Be6
16.Rad1 b6 17.c5 Nd7  1/2-1/2

[Event "DSV-Turnier"]
[Site "Dresden"]
[Date "1988.??.??"]
[Round "?"]
[White "Marin, Mihail"]
[Black "Uhlmann, Wolfgang"]
[Result "1/2-1/2"]
[WhiteElo "2480"]
[BlackElo "2505"]

1.d4 Nf6 2.c4 g6 3.Nc3 Bg7 4.e4 d6 5.Be2 O-O 6.Nf3 e5 7.Be3 h6 8.dxe5 Ng4
9.Bf4 Nxe5 10.Qd2 Kh7 11.Nd4 Nbc6 12.Be3 Nxd4 13.Bxd4 Be6 14.b3 Qg5 15.f4 Qxg2
16.O-O-O c5 17.Rdg1 Qh3 18.Rg3 Qh4 19.Bf2 Nc6 20.Rf3 Qe7 21.f5 Nd4 22.Rh3 gxf5
23.Bh4 f6 24.Bd3 f4 25.Nd5 Qf7 26.e5+ Kh8 27.exf6 Bxh3 28.Rg1 Bxf6 29.Bxf6+ Qxf6
30.Nxf6 Rxf6 31.Qf2 Raf8 32.Re1 f3 33.Re7 Bf5 34.Bxf5 Rxf5 35.Qe3 R5f6 36.Qe4 Nf5
37.Re8 Rxe8 38.Qxe8+ Kg7 39.Qe4 Nd4 40.Qg4+ Kf7 41.Qd7+ Kf8 42.Qc8+ Kg7 43.Qg4+ Rg6
44.Qd7+ Kh8 45.Qd8+ Kh7 46.Qe7+ Rg7 47.Qe4+ Kh8 48.Qe8+ Rg8 49.Qf7 Rg2 50.h4  1/2-1/2

[Event "Eindhoven op"]
[Site "Eindhoven"]
[Date "1988.??.??"]
[Round "?"]
[White "Tolk, Peter"]
[Black "Riemersma, Liafbern"]
[Result "0-1"]
[WhiteElo "2295"]
[BlackElo "2420"]

1.d4 Nf6 2.c4 g6 3.Nf3 Bg7 4.Nc3 O-O 5.e4 d6 6.Be2 e5 7.d5 a5 8.Bg5 h6 9.Bh4 Na6
10.Nd2 Qe8 11.O-O h5 12.Rc1 Nh7 13.f3 Bh6 14.Nb5 f5 15.exf5 Bxf5 16.Rc3 Qd7
17.Ra3 Nc5 18.Nb3 Be3+ 19.Bf2 Bxf2+ 20.Rxf2 Nxb3 21.Rxb3 Nf6 22.Re3 b6 23.Nc3 Qh7
24.Bd3 h4 25.Be4 Rab8 26.Qd2 Nh5 27.Re1 Nf4 28.Bxf5 gxf5 29.Ne2 Nxe2+ 30.Rfxe2 f4
31.Qc2 Rf5 32.Qe4 Rbf8 33.Kh1 Qg7 34.b3 Rg5 35.a3 Kh8 36.b4 axb4 37.axb4 Rg8
38.Rg1 Ra8 39.c5 bxc5 40.bxc5 h3 41.g4 dxc5 42.d6 Rd8 43.dxc7 Qxc7 44.Rb2 Qd6
45.Rb7 Rg7 46.Rxg7 Kxg7 47.Qf5 Qf6 48.Qe4 Rd4 49.Qb7+ Qf7 50.Qc8 Qd5 51.Qc7+ Kg6
52.Rf1 Qxf3+  0-1

[Event "Eindhoven op"]
[Site "Eindhoven"]
[Date "1988.??.??"]
[Round "?"]
[White "Vanheste, Jeroen"]
[Black "Visser, Yge"]
[Result "1/2-1/2"]
[WhiteElo "2370"]
[BlackElo "2295"]

1.d4 Nf6 2.c4 g6 3.Nc3 Bg7 4.e4 d6 5.Nf3 O-O 6.Be2 c6 7.O-O e5 8.d5 cxd5
9.cxd5 Na6 10.Nd2 Bh6 11.Nc4 Bxc1 12.Qxc1 b5 13.Nxb5 Nxe4 14.Qe3 f5 15.f3 f4
16.Qa3 Ng3 17.hxg3 fxg3 18.Rfd1 Qh4 19.Qe3 Bh3 20.Kf1 Bxg2+ 21.Ke1 Bxf3 22.Bxf3 Qxc4
23.Nc3 Nc5 24.Kd2 Rf4 25.Be2 Qd4+ 26.Qxd4 exd4 27.Nb5 Ne4+ 28.Kc2 Rc8+ 29.Kb3 Nc5+
30.Kc2 Ne4+ 31.Kb1 g2 32.a4 Nd2+ 33.Ka2 Nf1 34.Rxf1 gxf1=Q 35.Rxf1 Rxf1 36.Bxf1 Rc1
37.Bd3 Rd1 38.Bc2 Rd2 39.Bb3 d3 40.Nxa7 h5 41.a5 Re2 42.Nc6 Re8 43.a6 Ra8
44.a7 Kf8 45.Bd1 Ke8 46.Kb3 Kd7 47.Kc3 Kc7 48.Kxd3 Kb7 49.Ke3 Rf8 50.b4 Rf1
51.Be2 Re1 52.Kf2 Ra1 53.Kg3 Rg1+ 54.Kf2 Ra1 55.Kg3 Rg1+ 56.Kh3 Rh1+ 57.Kg2 Ra1
58.Bf3 Ra2+ 59.Kg3 Ra3 60.Kf2 h4  1/2-1/2

[Event "Eindhoven op"]
[Site "Eindhoven"]
[Date "1988.??.??"]
[Round "?"]
[White "Krudde, Fitzgerald"]
[Black "Boersma, Paulus A"]
[Result "1-0"]
[WhiteElo "2265"]
[BlackElo "2385"]

1.d4 Nf6 2.c4 d6 3.Nc3 Nbd7 4.e4 e5 5.Nf3 g6 6.Be2 Bg7 7.O-O O-O 8.Re1 c6
9.Rb1 exd4 10.Nxd4 Nc5 11.f3 a5 12.b3 Ne8 13.Bf1 f5 14.exf5 Bxf5 15.Nxf5 gxf5
16.Ne2 Be5 17.g3 Nc7 18.Be3 N7e6 19.Qd2 Qc7 20.Bg2 f4 21.gxf4 Bf6 22.Kh1 Rad8
23.f5 Ng7 24.Bh3 Kh8 25.Rbd1 Qf7 26.Ng3 b6 27.Ne4 Qh5 28.Bg4 Nxe4 29.Qg2 Qh4
30.fxe4 c5 31.Bf2 Qh6 32.Rd3 Be5 33.Red1 a4 34.Bg3 Qf6 35.Rd5  1-0

[Event "Eppingen BM"]
[Site "Eppingen"]
[Date "1988.??.??"]
[Round "?"]
[White "Gschnitzer, Oswald"]
[Black "Vatter, Hans Joachim"]
[Result "1-0"]
[WhiteElo "2295"]
[BlackElo "2270"]

1.d4 Nf6 2.Nf3 g6 3.c4 Bg7 4.Nc3 d6 5.e4 O-O 6.Be2 e5 7.Be3 Nbd7 8.O-O c6
9.Qc2 Re8 10.dxe5 dxe5 11.b4 Ng4 12.Bg5 Bf6 13.Bc1 Be7 14.Rb1 Qc7 15.c5 Nf8
16.h3 Nf6 17.Bb2 Nh5 18.Nd1 Bf6 19.Ne3 Nf4 20.Nc4 N8e6 21.Nd6 Re7 22.Bc4 Ng5
23.Nxg5 Bxg5 24.Kh2 b5 25.Bb3 a5 26.a3 Be6 27.Bxe6 Rxe6 28.g3 Nh5 29.Rbd1 Be7
30.Rd3 axb4 31.axb4 Ra4 32.Qc3 Bf6 33.Rfd1 h6 34.Qb3 Ng7 35.Rf3 Ra8 36.Kg2 Ne8
37.Bxe5 Rxe5 38.Nxe8 Raxe8 39.Rxf6 R8e6 40.Rxe6 Rxe6 41.Rd4 g5 42.Qd3 Qe5
43.Kg1 Kg7 44.Kg2 Re7 45.Kf3 Qe6 46.Kg2 Qe5 47.Qd2 Re6 48.Qd1 Rf6 49.Qd2 Qe6
50.Qd3 Qa2 51.Qe3 Re6 52.Rd6 Qc4 53.Qd4+ Qxd4 54.Rxd4 Re8 55.f4 gxf4 56.gxf4 Ra8
57.Kg3 Ra3+ 58.Kg4 Rc3 59.h4 Rb3 60.e5 Rb1 61.Kf5  1-0

[Event "Frankfurt"]
[Site "Frankfurt"]
[Date "1988.??.??"]
[Round "9"]
[White "Sinkovics, Peter"]
[Black "Staller, Peter"]
[Result "0-1"]
[WhiteElo "2310"]
[BlackElo "2370"]

1.d4 g6 2.e4 Bg7 3.c4 d6 4.Nc3 e5 5.Nf3 Nd7 6.Be2 Ngf6 7.O-O O-O 8.Be3 h6
9.dxe5 dxe5 10.Nd2 Nh7 11.c5 Ng5 12.Bc4 Re8 13.Bxg5 hxg5 14.Qb3 Rf8 15.Qa3 Nb8
16.Rad1 Nc6 17.Nf3 Nd4 18.Nxd4 exd4 19.Ne2 c6 20.Qd3 Qa5 21.Rc1 Qc7 22.Rfd1 Rd8
23.b4 a6 24.Qb3 Qe7 25.Rd3 Be6 26.f3 Bxc4 27.Qxc4 g4 28.Rcd1 gxf3 29.gxf3 Qg5+
30.Kh1 Qh5 31.Ng3 Qh4 32.Qc2 Rd7 33.Qg2 Rad8 34.Ne2 Be5 35.Rf1 Bf4 36.Nxf4 Qxf4
37.Qg3 Qf6 38.Rfd1 Qe6 39.Qf2 Qc4 40.Qd2 Kg7 41.a3 Qe6 42.Qf4 f6 43.Qg3 Qe5
44.Rg1 Qxg3 45.hxg3 Kf7 46.Rgd1 Ke6 47.f4 g5 48.Kg2 gxf4 49.gxf4 Rh8 50.Rg3 Rh4
51.Kf3 Rh2 52.Rg6 Rh3+ 53.Rg3 Rh2 54.Rd3 Rh1 55.Rd2 Re1 56.Re2 Ra1 57.Rg6 Rxa3+
58.Kg4 Ra1 59.Kf3 Rf1+ 60.Rf2 Rxf2+ 61.Kxf2 d3 62.Rg1 d2 63.Rd1 Rd4 64.Ke3 Rxb4
65.Rxd2 Rb3+ 66.Kd4 Rb4+ 67.Ke3 a5 68.Rh2 a4 69.Rh8 f5 70.exf5+ Kxf5 71.Rf8+ Ke6
72.Re8+ Kf7 73.Ra8 Ke7 74.Kf3 Ke6 75.Re8+ Kd5 76.Rd8+ Kxc5 77.f5 Rh4 78.f6 Rh6
79.Rf8 a3  0-1

[Event "Frankfurt"]
[Site "Frankfurt"]
[Date "1988.??.??"]
[Round "10"]
[White "Staller, Peter"]
[Black "Degenhardt, Horst"]
[Result "1/2-1/2"]
[WhiteElo "2370"]
[BlackElo "2270"]

1.d4 Nf6 2.c4 g6 3.Nc3 Bg7 4.e4 O-O 5.Nf3 d6 6.Be2 e5 7.dxe5 dxe5 8.Qxd8 Rxd8
9.Bg5 Re8 10.O-O-O Nc6 11.Nd5  1/2-1/2

[Event "Frankfurt"]
[Site "Frankfurt"]
[Date "1988.??.??"]
[Round "11"]
[White "Roeschlau, Bernd"]
[Black "Alber, Horst"]
[Result "1-0"]
[WhiteElo "2250"]
[BlackElo "2275"]

1.d4 Nf6 2.c4 g6 3.Nc3 Bg7 4.e4 d6 5.Nf3 O-O 6.Be2 e5 7.O-O Nbd7 8.Re1 a5
9.Bf1 c6 10.Rb1 exd4 11.Nxd4 Nc5 12.f3 a4 13.Be3 Qa5 14.Kh1 Nfd7 15.Nde2 Ne5
16.Nc1 Be6 17.Qxd6 Na6 18.c5 Rfd8 19.Qe7 Rd7 20.Qh4 a3 21.Nb3 Bxb3 22.axb3 axb2
23.Na4 Nd3 24.Bxd3 Rxd3 25.e5 Rxb3 26.e6 fxe6 27.Qc4 Qb5 28.Qxe6+ Kh8 29.Bd2 Qxa4
30.Qf7 Nc7 31.Re7 Rg8 32.Bh6 Qd4 33.Qxb3 Qxc5 34.Qf7 Qd4 35.Rxc7  1-0

[Event "Frunze"]
[Site "Frunze"]
[Date "1988.??.??"]
[Round "?"]
[White "Kozlov, V."]
[Black "Timoshchenko, Gennadi A"]
[Result "1/2-1/2"]
[WhiteElo "2410"]
[BlackElo "2455"]

1.d4 Nf6 2.c4 g6 3.Nc3 Bg7 4.e4 d6 5.Be2 O-O 6.Nf3 e5 7.Be3 h6 8.dxe5 Ng4
9.Bf4 Nxe5 10.Qd2 Kh7 11.O-O Be6 12.b3 Nbd7 13.Nd4 Nc5 14.Be3 Bd7 15.f4 Nc6
16.Bf3 Re8 17.Rad1 a5 18.e5 Nxd4 19.Bxd4 Ne6 20.Be3 Bc6 21.Qc1 Bxf3 22.Rxf3 f6
23.c5 Ra6 24.cxd6 cxd6 25.Nb5 Bf8 26.Rf2 Qb8 27.exd6 Bxd6  1/2-1/2

[Event "Frunze"]
[Site "Frunze"]
[Date "1988.??.??"]
[Round "?"]
[White "Neverov, Valeriy"]
[Black "Yurtaev, Leonid"]
[Result "0-1"]
[WhiteElo "2440"]
[BlackElo "2485"]

1.d4 Nf6 2.c4 g6 3.Nc3 Bg7 4.e4 d6 5.Nf3 O-O 6.Be2 e5 7.O-O exd4 8.Nxd4 Re8
9.f3 c6 10.Kh1 Nbd7 11.Bg5 Re5 12.Bf4 Nh5 13.Be3 Re8 14.g4 Nhf6 15.g5 Nh5
16.f4 Nc5 17.Bf3 Nxe4 18.Nxe4 d5 19.cxd5 cxd5 20.Nf6+ Bxf6 21.gxf6 Rxe3 22.Bxh5 gxh5
23.Qd2 Re4 24.Nb5 Kh8 25.Qg2 Bg4 26.h3 Re2 27.Qg3 d4 28.hxg4 Qd5+ 29.Qf3 Qxb5
30.g5 d3 31.a4 Qc6 32.Qxc6 bxc6 33.Rad1 Rd8 34.Rfe1 Rxe1+ 35.Rxe1 d2 36.Rd1 h6
37.Kg2 Kh7 38.Kf3 hxg5 39.fxg5 Kg6 40.Kf4 a5 41.b3 Rd5  0-1

[Event "Frunze"]
[Site "Frunze"]
[Date "1988.??.??"]
[Round "?"]
[White "Chekhov, Valery A"]
[Black "Yurtaev, Leonid"]
[Result "1/2-1/2"]
[WhiteElo "2480"]
[BlackElo "2485"]

1.Nf3 Nf6 2.d4 g6 3.c4 Bg7 4.Nc3 O-O 5.e4 d6 6.Be2 e5 7.O-O exd4 8.Nxd4 Re8
9.f3 c6 10.Kh1 Nbd7 11.Bg5 h6 12.Bh4 Ne5 13.Qc2 g5 14.Bf2 c5 15.Nb3 Be6 16.Rfd1 Qe7
17.Nd2 Nh5 18.Nf1 Nxc4 19.Nd5 Bxd5 20.Rxd5 Nb6 21.Rd2 Nf4 22.Bb5 Red8 23.Ne3 Be5
24.Rad1 Ne6 25.Nf5 Qf6 26.Bf1 Nd4 27.Nxd4 cxd4 28.Bxd4 Rac8 29.Qb3 Bxd4 30.Rxd4 Rc1
31.Rxc1 Qxd4 32.h3 d5 33.Rd1 Qc5 34.f4 gxf4 35.Qf3 Qe3 36.Qg4+ Kf8 37.Qh4 Rd6
38.exd5 f3 39.Qb4 Qe7 40.Qc3 Qf6 41.Qxf6 Rxf6 42.d6 Ke8 43.gxf3 Kd8 44.Kg2 Nc8
45.Bc4 Kd7 46.Bb5+ Kd8 47.Bc4 Kd7 48.Bb5+ Kd8 49.d7 Nd6 50.Rd5 a6 51.Ba4 b5
52.Bc2 Kxd7 53.Bd3 Rf4 54.Kg3 Rb4 55.b3 a5 56.Bc2 Ke6 57.Rh5 Rd4 58.Rxh6+ f6
59.Bh7 Rd2 60.a4 bxa4 61.bxa4 Ke5 62.f4+ Ke6 63.Bg8+ Kf5 64.Bh7+ Ke6 65.h4 Rd1
66.Bc2 Nf5+ 67.Bxf5+ Kxf5 68.Rh5+ Ke4 69.Rxa5 Rg1+ 70.Kf2 Rh1 71.f5 Rxh4
72.Kg3 Rh5 73.Rb5 Rg5+ 74.Kf2 Rh5 75.Kg3 Rg5+ 76.Kf2 Rh5 77.Rb4+ Ke5  1/2-1/2

[Event "Frunze"]
[Site "Frunze"]
[Date "1988.??.??"]
[Round "?"]
[White "Kozlov, V."]
[Black "Neverov, Valeriy"]
[Result "0-1"]
[WhiteElo "2410"]
[BlackElo "2440"]

1.d4 Nf6 2.c4 d6 3.Nc3 e5 4.Nf3 Nbd7 5.e4 g6 6.Be2 Bg7 7.O-O O-O 8.Qc2 c6
9.Rd1 Qe7 10.d5 c5 11.Bg5 h6 12.Bh4 a6 13.Nd2 h5 14.Bg5 Qe8 15.Rab1 Nh7 16.Be3 f5
17.f3 f4 18.Bf2 g5 19.b4 b6 20.a4 Qg6 21.a5 cxb4 22.axb6 a5 23.Nb5 g4 24.Kh1 g3
25.Bg1 h4 26.h3 Nc5 27.Bf1 Ng5 28.Nb3 Ncxe4 29.b7 Bxh3 30.fxe4 Bxg2+ 31.Bxg2 Rab8
32.Nxd6 Qxd6 33.Bc5 Qh6 34.Bxf8 h3 35.Kg1 hxg2 36.Qxg2 Rxf8 37.Rd3 a4 38.Nd2 Qb6+
39.Kf1 b3 40.Nf3 Nxe4 41.d6 Nxd6 42.Ng5 Nf7 43.c5 Qxc5 44.Nxf7 Kxf7 45.Rd7+ Kg6
46.Rbd1 Bf6 47.Qe2 f3 48.Qxf3 Be7 49.Kg2 Rxf3 50.Kxf3 Qf2+ 51.Kg4 Qf4+ 52.Kh3 Qh4+
53.Kg2 Qh2+ 54.Kf3 Kf5  0-1

[Event "Geneve-B"]
[Site "Geneve"]
[Date "1988.??.??"]
[Round "?"]
[White "Arlandi, Ennio"]
[Black "Lane, Gary W"]
[Result "1/2-1/2"]
[WhiteElo "2405"]
[BlackElo "2410"]

1.d4 Nf6 2.c4 g6 3.Nc3 Bg7 4.e4 O-O 5.Nf3 d6 6.Be2 Nbd7 7.O-O e5 8.Rb1 exd4
9.Nxd4 Nc5 10.f3 Nfd7 11.Be3 a5 12.Qd2 Re8 13.Rfd1 c6 14.Bf1 Qe7 15.Nc2 Be5
16.Bd4 Nf8 17.Bxe5 dxe5 18.Qd6 Qxd6 19.Rxd6 Nfe6 20.g3 Kf8 21.Rd2  1/2-1/2

[Event "Geneve"]
[Site "Geneve"]
[Date "1988.??.??"]
[Round "?"]
[White "Kouatly, Bachar"]
[Black "Zueger, Beat"]
[Result "1/2-1/2"]
[WhiteElo "2440"]
[BlackElo "2445"]

1.d4 d6 2.Nf3 g6 3.c4 Bg7 4.Nc3 Nf6 5.e4 O-O 6.Be2 Nbd7 7.O-O e5 8.Qc2 exd4
9.Nxd4 Nc5 10.Rd1 Ng4 11.f3 Nh6 12.Be3 f5 13.Qc1 Nf7 14.exf5 gxf5 15.b4 Bxd4
16.Bxd4 Ne6 17.Be3 a5 18.Nd5 axb4 19.c5 Bd7 20.cxd6 Nxd6 21.Qb2 f4 22.Bf2 Rf7
23.Nb6 Ra5 24.Nxd7 Qxd7 25.Qxb4 Qa4 26.Qb3 Qxb3 27.axb3 Rxa1 28.Rxa1 Rf5
29.g3 Rd5 30.Rd1 Rxd1+ 31.Bxd1 Nb5 32.b4 Kg7 33.Kf1 Kf6 34.Ke1 Ke5 35.Kd2 b6
36.Kd3 h6 37.Bb3 Ng5 38.Bc4 Nd6 39.Bd4+ Kf5 40.g4+ Kg6 41.Bd5 Nh3 42.Be5 Nf2+
43.Kd4 Kg5 44.Bc6 Nd1 45.Kd5 Ne3+ 46.Ke6 Nec4 47.Bf6+ Kg6 48.h4 h5 49.gxh5+ Kxh5
50.Bd8 Ne5 51.Bd5 Nd3 52.Bxc7 Nb5 53.Bxb6 Nxb4 54.Bc4 Na3 55.Be2 Kxh4 56.Bc5 Nac2
57.Kf5 Kg3 58.Kg5 Nd5 59.Bd6 Nd4 60.Bd1 Nxf3+  1/2-1/2

[Event "Geneve"]
[Site "Geneve"]
[Date "1988.??.??"]
[Round "?"]
[White "Kouatly, Bachar"]
[Black "Cvitan, Ognjen"]
[Result "1/2-1/2"]
[WhiteElo "2440"]
[BlackElo "2500"]

1.d4 Nf6 2.c4 g6 3.Nc3 Bg7 4.e4 d6 5.Nf3 O-O 6.Be2 e5 7.d5 a5 8.h4 Na6 9.Nd2 Nc5
10.h5 Qd7 11.b3 h6 12.hxg6 fxg6 13.Qc2 Ng4 14.Nd1 c6 15.Nf1 cxd5 16.cxd5 h5
17.f3 Nf6 18.Be3 b5 19.Bxc5 dxc5 20.Qxc5 Ba6 21.Qb6 Rfb8 22.Qxa5 Qd6 23.Rc1 Bc8
24.Qd2 Bd7 25.Nf2 Qf8 26.g4 Qa3 27.gxh5 Nxh5 28.Nd3 Qxa2 29.Qg5 Rc8 30.Qxg6  1/2-1/2

[Event "Bundesliga 8788"]
[Site "Germany"]
[Date "1988.??.??"]
[Round "?"]
[White "Goehring, Karl Heinz"]
[Black "Nikolac, Juraj"]
[Result "0-1"]
[WhiteElo "2355"]
[BlackElo "2500"]

1.d4 Nf6 2.c4 d6 3.Nc3 e5 4.Nf3 Nbd7 5.e4 g6 6.Be2 Bg7 7.O-O O-O 8.Re1 c6
9.Bf1 Re8 10.Rb1 a6 11.b4 b5 12.d5 cxd5 13.cxd5 Nb6 14.a4 bxa4 15.Nxa4 Bd7
16.Nxb6 Qxb6 17.Nd2 Ng4 18.Qf3 f5 19.Nc4 Qc7 20.exf5 Bxf5 21.Rb3 Rf8 22.Qg3 Nf6
23.Ne3 Bd7 24.Qh4 Rf7 25.Bd2 Nh5 26.Qc4 Qd8 27.Ra3 Bb5 28.Qa2 Rc8 29.Rc1 Rxc1
30.Bxc1 Qh4 31.Bxb5 axb5 32.Ra8+ Bf8 33.Qd2 Nf6 34.f3 Rc7 35.Bb2 Kf7 36.Ra6 Bh6
37.Rxd6 Rc2 38.Rxf6+ Kxf6 39.Ng4+ Ke7 40.d6+ Ke6 41.Qd1 Rxb2 42.d7  0-1

[Event "BL2-SW8788"]
[Site "Germany"]
[Date "1988.??.??"]
[Round "?"]
[White "Kabisch, Thilo"]
[Black "Duester, Thomas"]
[Result "0-1"]
[WhiteElo "2255"]
[BlackElo "2315"]

1.d4 Nf6 2.Nf3 g6 3.c4 Bg7 4.Nc3 O-O 5.e4 d6 6.Be2 e5 7.d5 Nbd7 8.Bg5 h6
9.Bh4 a6 10.Nd2 Qe8 11.Qc2 Nh7 12.f3 f5 13.Bf2 Ndf6 14.c5 fxe4 15.fxe4 Ng4
16.Bxg4 Bxg4 17.Nc4 Qe7 18.h3 Bd7 19.cxd6 cxd6 20.Nb6 Rad8 21.Qd2 Be8 22.O-O-O Bf6
23.h4 Bg7 24.g4 Rf4 25.Rdg1 Nf6 26.Qe2 Bb5 27.Nxb5 axb5 28.g5 hxg5 29.hxg5 Nxe4
30.Be3 Qf7 31.Kb1 Qf5 32.Ka1 Rf3 33.Qe1 Rf8 34.a3 Nc5 35.Bxc5 dxc5 36.Rg3 e4
37.Rxf3 exf3 38.Rf1 Bd4 39.Qe6+ Qxe6 40.dxe6 Rf5 41.Nc8 Re5 42.Rxf3 Rxe6
43.Rb3 b4 44.axb4 Re1+ 45.Ka2 c4 46.Rf3 Re2 47.Nd6 Rxb2+ 48.Ka3 c3 49.Nf7 Bg7
50.Nh6+ Kh8 51.Nf7+ Kg8 52.Nh6+ Kh7 53.Rf7 Rg2 54.Rc7 Rxg5 55.Nf7 Rd5 56.Kb3 g5
57.Kc4 Rd7 58.Nxg5+ Kg6 59.Rc5 b6 60.Rc6+ Kxg5 61.Kb3 Bd4  0-1

[Event "BL2-SW8788"]
[Site "Germany"]
[Date "1988.??.??"]
[Round "?"]
[White "Gschnitzer, Oswald"]
[Black "Schlueter, Wolfgang"]
[Result "1/2-1/2"]
[WhiteElo "2295"]
[BlackElo "2245"]

1.d4 Nf6 2.Nf3 g6 3.c4 Bg7 4.Nc3 d6 5.e4 O-O 6.Be2 Nbd7 7.O-O e5 8.Be3 h6
9.dxe5 dxe5 10.Nd2 Nh7 11.c5 Ng5 12.b4 Ne6 13.Nb3 a6 14.Qd2 Qh4 15.g3 Qh3
16.Nd5 Kh7  1/2-1/2

[Event "Groningen op"]
[Site "Groningen"]
[Date "1988.??.??"]
[Round "?"]
[White "Peek, Marcel"]
[Black "Bofill, Alejandro"]
[Result "1/2-1/2"]
[WhiteElo "2345"]
[BlackElo "2410"]

1.d4 Nf6 2.c4 g6 3.Nc3 Bg7 4.e4 d6 5.Nf3 O-O 6.Be2 Nbd7 7.O-O e5 8.Re1 c6
9.Bf1 a5 10.d5 c5 11.g3 Ne8 12.Bh3 a4 13.Rb1 Nc7 14.Bd2 f5 15.exf5 gxf5 16.Nh4 f4
17.Ne4 Nf6 18.Bxc8 Rxc8 19.f3 Nh5 20.Ng2 fxg3 21.hxg3 Qd7 22.Kh2 b5 23.b4 bxc4
24.bxc5 Nxd5 25.cxd6 Nhf6 26.Bg5 Kh8 27.Nxf6 Nxf6 28.Ne3 c3 29.Rc1 e4 30.f4 Rc6
31.Qxa4 Rxd6 32.Qxd7 Rxd7 33.Rxc3 Ng4+ 34.Nxg4 Bxc3 35.Rxe4 Rd2+ 36.Kh3 Rxa2
37.Re7 Bd4 38.Ne5 Ra7 39.Re6 Bxe5 40.Rxe5 Kg8 41.Kg4 Rc8  1/2-1/2